|
|
|
|
| LEADER |
01015nam a2200217 a 4500 |
| 008 |
100610s2004 bg 000 0 eng d |
| 020 |
|
|
|a 9848820382
|
| 040 |
|
|
|a BD-DhAAL
|c BD-DhAAL
|d BD-DhAAL
|
| 082 |
0 |
0 |
|a 070.4/3
|2 22
|
| 999 |
|
|
|c 8781
|d 8781
|
| 999 |
|
|
|c 8781
|
| 100 |
1 |
0 |
|a মঞ্জু, কামরুল হাসান.
|9 1630
|
| 245 |
1 |
0 |
|a অ্যাডভোকেসী রিপোর্টিং/
|c কামরুল হাসানৎ মঞ্জু
|
| 260 |
|
|
|a ঢাকা :
|b ম্যাস লাইন মিডিয়া সেন্টার,
|c ২০০৪
|
| 300 |
|
|
|a ১২৬ পৃ. ;
|c ১৮ সে.মি.
|
| 504 |
|
|
|a গ্রন্থপঞ্জি (পৃ. ১২৬)
|
| 541 |
1 |
|
|e 00020048
|
| 650 |
|
0 |
|a Reporting
|x Investigative.
|9 1631
|
| 852 |
4 |
|
|a Ayesha Abed Library
|j General shelf
|
| 942 |
|
|
|2 ddc
|c BK
|
| 952 |
|
|
|0 0
|1 4
|2 ddc
|4 0
|6 070_430000000000000_MON
|7 0
|9 10644
|a JATRI
|b JATRI
|c GEN
|d 2010-06-03
|l 0
|o 070.43 MON
|p 3040020048
|r 2010-06-03
|t 1
|w 2010-06-03
|y BK
|x Koha Inventory 2020
|